header

Fusion (Record no. 145128)

MARC details
000 -LEADER
fixed length control field 01360nam a2200349Ia 4500
082 04 - DEWEY DECIMAL CLASSIFICATION NUMBER
Classification number 539.7/64
100 1# - MAIN ENTRY--AUTHOR NAME
Personal name McCracken, G. M.
245 10 - TITLE STATEMENT
Title Fusion
260 ## - PUBLICATION, DISTRIBUTION, ETC. (IMPRINT)
Place of publication Burlington, MA :
Name of publisher Elsevier Academic Press,
Year of publication c2005.
300 ## - PHYSICAL DESCRIPTION
Number of Pages xx, 186 p. :
Other physical details ill. (some col.).
490 1# - SERIES STATEMENT
Series statement Complementary science series
650 #0 - SUBJECT ADDED ENTRY--TOPICAL TERM
Topical Term Nuclear fusion.
Topical Term Nuclear reactions.
700 1# - ADDED ENTRY--PERSONAL NAME
Personal name Stott, P. E.
856 40 - ELECTRONIC LOCATION AND ACCESS
Uniform Resource Identifier http://site.ebrary.com/lib/rucke/Doc?id=10186055

No items available.

© 2026 Rongo University
Contact us: librarian | system librarian | Rongo university